Quản trị đầu tư nhà hàng khách sạn

Wedi'i Gadw mewn:
Manylion Llyfryddiaeth
Prif Awdur: Nguyễn, Văn Dung
Fformat: Llyfr
Iaith:Undetermined
Cyhoeddwyd: Hà Nội Giao thông vận tải 2012
Pynciau:
Tagiau: Ychwanegu Tag
Dim Tagiau, Byddwch y cyntaf i dagio'r cofnod hwn!
Thư viện lưu trữ: Trung tâm Học liệu Trường Đại học Cần Thơ
LEADER 00578nam a2200193Ia 4500
001 CTU_180956
008 210402s9999 xx 000 0 und d
020 |c 65000 
082 |a 647.94068 
082 |b D513 
100 |a Nguyễn, Văn Dung 
245 0 |a Quản trị đầu tư nhà hàng khách sạn 
245 0 |c Nguyễn Văn Dung 
260 |a Hà Nội 
260 |b Giao thông vận tải 
260 |c 2012 
650 |a Hotel management,Quản lý khách sạn 
910 |a Nguyên 
980 |a Trung tâm Học liệu Trường Đại học Cần Thơ